[Event "EYCC 2024 - O14"]
[Site "?"]
[Date "2024.08.23"]
[Round "2.10"]
[White "Krivka, Matej"]
[Black "Negre, Emilie"]
[Result "0-1"]
[BlackElo "2140"]
[WhiteElo "1917"]
[LiveChessVersion "1.4.8"]

1. e4 {[%clk 1:30:57]} e5 {[%clk 1:30:54]} 2. Nf3 {[%clk 1:31:14]} Nc6
{[%clk 1:31:07]} 3. Bb5 {[%clk 1:31:36]} f5 {[%clk 1:31:02]} 4. Bxc6
{[%clk 1:24:35]} dxc6 {[%clk 1:29:46]} 5. d3 {[%clk 1:05:49]} Bd6
{[%clk 1:21:26]} 6. O-O {[%clk 1:03:28]} Nf6 {[%clk 1:18:26]} 7. Nbd2
{[%clk 1:02:07]} O-O {[%clk 1:16:43]} 8. b3 {[%clk 0:59:56]} fxe4
{[%clk 0:58:54]} 9. dxe4 {[%clk 0:57:23]} Bg4 {[%clk 0:53:50]} 10. Qe2
{[%clk 0:49:09]} Qe7 {[%clk 0:44:28]} 11. h3 {[%clk 0:43:54]} Bh5
{[%clk 0:40:58]} 12. Bb2 {[%clk 0:41:44]} Rad8 {[%clk 0:33:59]} 13. Rad1
{[%clk 0:36:44]} Bg6 {[%clk 0:27:43]} 14. Nh4 {[%clk 0:25:20]} Bh5
{[%clk 0:24:20]} 15. Ndf3 {[%clk 0:16:04]} Nd7 {[%clk 0:14:09]} 16. g4
{[%clk 0:10:08]} Bf7 {[%clk 0:09:04]} 17. Nf5 {[%clk 0:09:51]} Qf6
{[%clk 0:08:25]} 18. Bc1 {[%clk 0:08:44]} Rde8 {[%clk 0:07:18]} 19. Bg5
{[%clk 0:06:38]} Qe6 {[%clk 0:04:24]} 20. Bh4 {[%clk 0:05:09]} h6
{[%clk 0:04:02]} 21. Kh1 {[%clk 0:03:20]} Bg6 {[%clk 0:03:50]} 22. Rg1
{[%clk 0:03:02]} Qf7 {[%clk 0:02:57]} 23. Rg3 {[%clk 0:02:16]} Nc5
{[%clk 0:03:02]} 24. Nd2 {[%clk 0:01:20]} Ne6 {[%clk 0:03:09]} 25. Nc4
{[%clk 0:01:07]} Nd4 {[%clk 0:02:26]} 26. Rxd4 {[%clk 0:00:43]} exd4
{[%clk 0:02:37]} 27. Rf3 {[%clk 0:01:02]} Qe6 {[%clk 0:01:28]} 28. Nxd4
{[%clk 0:00:34]} Qxe4 {[%clk 0:00:55]} 29. Qd1 {[%clk 0:00:38]} Qe1+
{[%clk 0:01:06]} 30. Qxe1 {[%clk 0:01:03]} Rxe1+ {[%clk 0:01:31]} 31. Kg2
{[%clk 0:01:27]} Be4 {[%clk 0:01:49]} 32. Nd2 {[%clk 0:00:39]} Bxf3+
{[%clk 0:01:41]} 33. N2xf3 {[%clk 0:01:04]} Ra1 {[%clk 0:01:40]} 34. a4
{[%clk 0:01:15]} g5 {[%clk 0:01:12]} 35. Bg3 {[%clk 0:01:20]} Bxg3
{[%clk 0:01:17]} 36. Kxg3 {[%clk 0:01:39]} Rd1 {[%clk 0:01:36]} 37. Nf5
{[%clk 0:00:46]} Rf6 {[%clk 0:01:30]} 38. h4 {[%clk 0:00:34]} gxh4+
{[%clk 0:00:58]} 39. N3xh4 {[%clk 0:00:42]} Rd2 {[%clk 0:00:50]} 40. f4
{[%clk 0:00:48]} Rxc2 {[%clk 0:01:03]} 41. g5 {[%clk 0:00:55]} hxg5
{[%clk 0:01:19]} 42. fxg5 {[%clk 0:01:20]} Rxf5 {[%clk 0:00:54]} 43. Nxf5
{[%clk 0:01:44]} Rc3+ {[%clk 0:01:19]} 44. Kg4 {[%clk 0:01:57]} Rxb3
{[%clk 0:01:42]} 45. g6 {[%clk 0:01:45]} Rd3 {[%clk 0:00:57]} 46. Kg5
{[%clk 0:01:47]} Rd5 {[%clk 0:01:20]} 0-1

[Event "EYCC 2024 - O14"]
[Site "?"]
[Date "2024.08.23"]
[Round "2.11"]
[White "Stefanovic, Bosko"]
[Black "Rudlof, Adam"]
[Result "1-0"]
[BlackElo "1943"]
[WhiteElo "2112"]
[LiveChessVersion "1.4.8"]

1. c4 {[%clk 1:30:56]} e5 {[%clk 1:30:52]} 2. Nc3 {[%clk 1:31:15]} Nf6
{[%clk 1:31:10]} 3. g3 {[%clk 1:31:32]} c6 {[%clk 1:31:32]} 4. d4
{[%clk 1:28:29]} exd4 {[%clk 1:31:55]} 5. Qxd4 {[%clk 1:28:49]} d5
{[%clk 1:32:18]} 6. Bg2 {[%clk 1:26:46]} Be6 {[%clk 1:31:49]} 7. cxd5
{[%clk 1:22:17]} cxd5 {[%clk 1:32:07]} 8. Nf3 {[%clk 1:19:26]} Nc6
{[%clk 1:32:21]} 9. Qa4 {[%clk 1:18:43]} Bc5 {[%clk 1:29:20]} 10. O-O
{[%clk 1:15:10]} O-O {[%clk 1:29:27]} 11. Bg5 {[%clk 0:59:43]} h6
{[%clk 1:24:00]} 12. Bxf6 {[%clk 0:59:47]} Qxf6 {[%clk 1:24:16]} 13. Rac1
{[%clk 0:58:22]} Rfd8 {[%clk 1:18:17]} 14. Rfd1 {[%clk 0:54:40]} Rac8
{[%clk 1:10:38]} 15. e4 {[%clk 0:40:44]} d4 {[%clk 1:04:08]} 16. Nd5
{[%clk 0:36:15]} Bxd5 {[%clk 1:03:36]} 17. exd5 {[%clk 0:36:41]} Ne7
{[%clk 0:59:19]} 18. Nd2 {[%clk 0:33:21]} Bb6 {[%clk 0:50:12]} 19. Rxc8
{[%clk 0:30:19]} Rxc8 {[%clk 0:49:21]} 20. Nc4 {[%clk 0:28:43]} Nf5
{[%clk 0:31:55]} 21. Bh3 d3 {[%clk 0:22:58]} 22. Nxb6 {[%clk 0:22:26]} axb6
{[%clk 0:20:55]} 23. Qf4 g6 24. Bxf5 {[%clk 0:20:19]} gxf5 {[%clk 0:20:51]} 25.
Rxd3 {[%clk 0:16:26]} Qxb2 {[%clk 0:21:00]} 26. Kg2 {[%clk 0:15:36]} Qf6
{[%clk 0:17:58]} 27. d6 {[%clk 0:12:42]} Rd8 {[%clk 0:16:59]} 28. Qd4
{[%clk 0:10:26]} Qe6 {[%clk 0:13:56]} 29. Qxb6 {[%clk 0:07:51]} Qe4+
{[%clk 0:14:18]} 30. Rf3 {[%clk 0:08:14]} Rd7 {[%clk 0:14:21]} 31. Qc5
{[%clk 0:08:36]} Kg7 {[%clk 0:13:25]} 32. Qxf5 {[%clk 0:08:31]} Qxf5
{[%clk 0:13:49]} 33. Rxf5 {[%clk 0:08:59]} Rxd6 {[%clk 0:14:12]} 34. a4
{[%clk 0:09:09]} Rd4 {[%clk 0:13:31]} 35. a5 {[%clk 0:09:31]} Ra4
{[%clk 0:13:21]} 36. Rb5 {[%clk 0:09:56]} Kg6 {[%clk 0:13:31]} 37. Kh3
{[%clk 0:08:36]} h5 {[%clk 0:12:03]} 38. Rb6+ {[%clk 0:08:51]} f6
{[%clk 0:12:07]} 39. Rb5 {[%clk 0:09:20]} Ra2 {[%clk 0:10:59]} 40. f4
{[%clk 0:06:00]} Ra4 {[%clk 0:10:46]} 41. Kh4 {[%clk 0:05:59]} Ra2
{[%clk 0:09:43]} 42. h3 {[%clk 0:05:57]} Ra3 {[%clk 0:09:13]} 43. Rxh5
{[%clk 0:05:43]} f5 {[%clk 0:09:36]} 44. Rh8 {[%clk 0:04:26]} Rxa5
{[%clk 0:09:33]} 45. Rb8 {[%clk 0:04:40]} Rb5 {[%clk 0:08:30]} 46. g4
{[%clk 0:03:56]} Rb3 {[%clk 0:08:22]} 47. Rd8 {[%clk 0:02:55]} Rf3 48. Rd6+
{[%clk 0:03:09]} Kf7 {[%clk 0:06:10]} 49. Kg5 {[%clk 0:03:39]} fxg4
{[%clk 0:06:08]} 50. hxg4 {[%clk 0:04:07]} b5 {[%clk 0:06:25]} 51. Rb6
{[%clk 0:04:22]} Rb3 {[%clk 0:06:36]} 52. Kf5 {[%clk 0:04:35]} b4
{[%clk 0:06:20]} 53. Rb7+ {[%clk 0:04:55]} Ke8 {[%clk 0:06:29]} 54. g5
{[%clk 0:05:02]} Rb1 {[%clk 0:06:45]} 55. g6 {[%clk 0:04:53]} b3 {[%clk 0:05:58]}
56. g7 {[%clk 0:04:12]} Rg1 {[%clk 0:05:58]} 57. Kf6 {[%clk 0:04:24]} b2
{[%clk 0:05:45]} 58. Rxb2 {[%clk 0:04:40]} Kd7 {[%clk 0:05:54]} 59. f5
{[%clk 0:04:52]} Rg4 {[%clk 0:06:04]} 60. Rb8 {[%clk 0:05:09]} 1-0

[Event "EYCC 2024 - O14"]
[Site "?"]
[Date "2024.08.23"]
[Round "2.12"]
[White "Meher, Adwaye"]
[Black "Topencik, Bruno"]
[Result "0-1"]
[BlackElo "2107"]
[WhiteElo "1662"]
[LiveChessVersion "1.4.8"]

1. e4 {[%clk 1:30:58]} c5 {[%clk 1:30:27]} 2. c3 {[%clk 1:31:21]} Nf6
{[%clk 1:30:08]} 3. e5 {[%clk 1:31:44]} Nd5 {[%clk 1:30:20]} 4. Nf3
{[%clk 1:32:00]} Nc6 {[%clk 1:28:12]} 5. d4 {[%clk 1:31:58]} cxd4
{[%clk 1:28:13]} 6. cxd4 {[%clk 1:32:23]} d6 {[%clk 1:28:09]} 7. Bc4
{[%clk 1:32:14]} e6 {[%clk 1:27:45]} 8. O-O {[%clk 1:32:18]} Nb6 {[%clk 1:23:19]}
9. Bb3 {[%clk 1:32:11]} d5 {[%clk 1:23:06]} 10. Nc3 {[%clk 1:31:24]} Be7
{[%clk 1:22:04]} 11. a3 {[%clk 1:30:07]} Bd7 {[%clk 1:19:25]} 12. Qd3
{[%clk 1:26:51]} a6 {[%clk 1:16:15]} 13. Bc2 {[%clk 1:23:22]} Rc8
{[%clk 1:14:25]} 14. Bf4 {[%clk 1:21:14]} Na7 {[%clk 1:09:10]} 15. Bd2
{[%clk 1:12:51]} Nc4 {[%clk 1:05:17]} 16. b4 {[%clk 1:11:33]} Nxd2
{[%clk 0:56:12]} 17. Qxd2 {[%clk 1:11:50]} Qc7 {[%clk 0:55:33]} 18. Ba4
{[%clk 1:06:50]} Qxc3 {[%clk 0:53:12]} 19. Bxd7+ {[%clk 1:07:16]} Kxd7
{[%clk 0:53:35]} 20. Qf4 {[%clk 1:07:33]} Qd3 {[%clk 0:49:53]} 21. Qxf7
{[%clk 1:05:59]} Qf5 {[%clk 0:49:18]} 22. Qxf5 {[%clk 1:06:15]} exf5
{[%clk 0:49:45]} 23. Nd2 {[%clk 1:06:00]} Rc3 {[%clk 0:49:18]} 0-1

[Event "EYCC 2024 - O14"]
[Site "?"]
[Date "2024.08.23"]
[Round "2.13"]
[White "Kanana, Ziad"]
[Black "Prober, Raphael"]
[Result "0-1"]
[BlackElo "1878"]
[WhiteElo "2102"]
[LiveChessVersion "1.4.8"]

1. e4 {[%clk 1:30:56]} c5 {[%clk 1:30:51]} 2. Nf3 {[%clk 1:31:24]} d6
{[%clk 1:31:10]} 3. d4 {[%clk 1:31:52]} cxd4 {[%clk 1:31:30]} 4. Nxd4
{[%clk 1:32:21]} Nf6 {[%clk 1:31:48]} 5. Nc3 {[%clk 1:32:49]} a6 {[%clk 1:32:07]}
6. h3 {[%clk 1:33:13]} e6 {[%clk 1:32:27]} 7. g4 {[%clk 1:33:19]} Nfd7
{[%clk 1:32:48]} 8. g5 {[%clk 1:32:59]} b5 {[%clk 1:33:10]} 9. a3
{[%clk 1:29:26]} Bb7 {[%clk 1:33:29]} 10. Be3 {[%clk 1:27:40]} Be7
{[%clk 1:33:51]} 11. h4 {[%clk 1:26:59]} Nc6 {[%clk 1:34:12]} 12. Qd2
{[%clk 1:26:56]} Rc8 {[%clk 1:34:33]} 13. Nxc6 {[%clk 1:26:41]} Bxc6
{[%clk 1:34:55]} 14. O-O-O {[%clk 1:24:57]} O-O {[%clk 1:35:17]} 15. g6
{[%clk 1:11:52]} Nc5 {[%clk 1:27:01]} 16. gxf7+ {[%clk 0:53:48]} Rxf7
{[%clk 1:26:19]} 17. Bg2 {[%clk 0:46:14]} a5 {[%clk 1:25:25]} 18. Qe2
{[%clk 0:42:38]} Qc7 {[%clk 1:08:14]} 19. Nxb5 {[%clk 0:35:56]} Qb8
{[%clk 1:03:27]} 20. Nd4 {[%clk 0:30:58]} Bf6 {[%clk 1:02:27]} 21. f3
{[%clk 0:30:37]} Ba4 {[%clk 1:01:22]} 22. Kb1 {[%clk 0:25:26]} Rb7
{[%clk 0:57:57]} 23. Bc1 {[%clk 0:25:30]} Bxc2+ {[%clk 0:38:11]} 24. Qxc2
{[%clk 0:23:05]} Nb3 {[%clk 0:38:34]} 25. Qf2 {[%clk 0:18:15]} Rxc1+
{[%clk 0:37:23]} 26. Ka2 {[%clk 0:16:01]} Ra1+ {[%clk 0:36:19]} 27. Rxa1
{[%clk 0:16:27]} Bxd4 {[%clk 0:36:43]} 28. Qc2 {[%clk 0:14:13]} Nc1+
{[%clk 0:36:46]} 29. Kb1 {[%clk 0:14:08]} Rxb2+ {[%clk 0:37:01]} 30. Kxc1
{[%clk 0:14:34]} Rxc2+ {[%clk 0:37:22]} 31. Kxc2 {[%clk 0:15:02]} Qb2+
{[%clk 0:37:42]} 32. Kd3 Qc3+ {[%clk 0:38:06]} 33. Ke2 {[%clk 0:15:44]} Qe3+
{[%clk 0:38:33]} 34. Kd1 {[%clk 0:16:08]} 0-1

[Event "EYCC 2024 - O14"]
[Site "?"]
[Date "2024.08.23"]
[Round "2.14"]
[White "Yankiv, Bohdan"]
[Black "Laignel, Quentin"]
[Result "0-1"]
[BlackElo "2101"]
[WhiteElo "1518"]
[LiveChessVersion "1.4.8"]

1. e4 {[%clk 1:30:55]} c6 {[%clk 1:30:29]} 2. d4 {[%clk 1:31:22]} d5
{[%clk 1:30:48]} 3. exd5 {[%clk 1:31:48]} cxd5 {[%clk 1:31:07]} 4. Bd3
{[%clk 1:32:16]} Nc6 {[%clk 1:30:11]} 5. c3 {[%clk 1:32:41]} Qc7 {[%clk 1:29:34]}
6. h3 {[%clk 1:33:04]} Nf6 {[%clk 1:25:33]} 7. Nf3 {[%clk 1:33:09]} g6
{[%clk 1:25:02]} 8. Qc2 {[%clk 1:33:37]} Bg7 {[%clk 1:18:39]} 9. O-O
{[%clk 1:33:05]} O-O {[%clk 1:18:22]} 10. Re1 {[%clk 1:33:33]} Nh5
{[%clk 1:09:55]} 11. Be3 {[%clk 1:31:17]} Rd8 {[%clk 1:03:16]} 12. Nbd2
{[%clk 1:30:50]} Nf4 {[%clk 0:57:30]} 13. Bxf4 {[%clk 1:30:16]} Qxf4
{[%clk 0:57:47]} 14. b4 {[%clk 1:20:52]} Qd6 {[%clk 0:31:19]} 15. a4
{[%clk 1:18:39]} Bd7 {[%clk 0:27:27]} 16. b5 {[%clk 1:06:08]} Na5
{[%clk 0:27:26]} 17. Ne5 {[%clk 1:05:50]} Rac8 {[%clk 0:22:42]} 18. Ndf3
{[%clk 1:03:34]} Be8 {[%clk 0:19:22]} 19. h4 {[%clk 0:57:45]} f6 {[%clk 0:13:15]}
20. Nxg6 {[%clk 0:52:57]} hxg6 {[%clk 0:13:07]} 21. Bxg6 {[%clk 0:53:26]} e5
{[%clk 0:11:39]} 22. Bxe8 {[%clk 0:50:13]} Rxe8 {[%clk 0:11:59]} 23. Qg6
{[%clk 0:50:42]} e4 {[%clk 0:10:26]} 24. Ng5 {[%clk 0:46:34]} Qd7
{[%clk 0:10:00]} 25. Qh7+ {[%clk 0:46:11]} Kf8 {[%clk 0:10:15]} 26. Nh3
{[%clk 0:46:36]} Kf7 {[%clk 0:06:04]} 27. h5 {[%clk 0:41:52]} Rh8
{[%clk 0:06:10]} 28. Qg6+ {[%clk 0:42:19]} Kf8 {[%clk 0:05:55]} 29. Nf4
{[%clk 0:42:40]} Rh6 {[%clk 0:05:28]} 30. Qg3 {[%clk 0:42:53]} Nc4
{[%clk 0:05:28]} 31. f3 {[%clk 0:42:24]} e3 {[%clk 0:05:43]} 32. Ng6+
{[%clk 0:38:38]} Kf7 {[%clk 0:05:24]} 33. Qh4 {[%clk 0:37:05]} Qf5
{[%clk 0:05:00]} 34. g4 {[%clk 0:36:49]} Rxg6 {[%clk 0:05:00]} 35. hxg6+
{[%clk 0:36:19]} Qxg6 {[%clk 0:05:25]} 36. Re2 {[%clk 0:35:03]} Re8
{[%clk 0:03:02]} 37. Qg3 {[%clk 0:33:30]} Qd3 {[%clk 0:02:59]} 38. Rae1
{[%clk 0:32:43]} Re7 {[%clk 0:03:11]} 39. g5 {[%clk 0:32:52]} fxg5
{[%clk 0:02:53]} 40. f4 {[%clk 0:33:09]} Qxc3 {[%clk 0:02:24]} 41. fxg5
{[%clk 0:33:26]} Qd3 {[%clk 0:02:09]} 42. Rf1+ {[%clk 0:33:22]} Ke6
{[%clk 0:02:01]} 43. Qg4+ {[%clk 0:24:55]} Kd6 {[%clk 0:02:25]} 44. Qc8
{[%clk 0:24:54]} Qxe2 {[%clk 0:02:07]} 45. Qb8+ {[%clk 0:22:24]} Rc7
{[%clk 0:02:24]} 46. Qd8+ {[%clk 0:22:21]} Rd7 {[%clk 0:02:48]} 47. Qb8+
{[%clk 0:22:01]} Ke7 {[%clk 0:03:05]} 48. Qg8 {[%clk 0:20:07]} Qg4+
{[%clk 0:03:14]} 49. Kh1 {[%clk 0:20:25]} Qh4+ {[%clk 0:03:37]} 50. Kg2
{[%clk 0:20:30]} Qxg5+ {[%clk 0:04:02]} 51. Kh1 {[%clk 0:20:43]} Qh5+
{[%clk 0:04:08]} 52. Kg2 {[%clk 0:21:02]} Qg6+ {[%clk 0:04:31]} 53. Kh1
{[%clk 0:21:12]} Rd8 {[%clk 0:04:45]} 54. Rf8 {[%clk 0:21:00]} Rxf8
{[%clk 0:04:57]} 55. Qxd5 {[%clk 0:21:23]} Rh8+ 0-1